000 00435nmm a2200145Ia 4500
008 251105s9999||||xx |||||||||||||||||und||
041 _aspa
100 _aJames, P.D.
245 0 _aMortaja para un ruiseñor :
_b Detective Adam Dalgliesh 4
264 _a[Madrid, España] :
_bEdiciones B,
_c2017
300 _a464 páginas
650 _aThriller & Suspense
856 _uhttps://public.digitaliapublishing.com/a/54542
942 _cCF
999 _c106327
_d106327